| 000 | 00437nam a22001697a 4500 | ||
|---|---|---|---|
| 003 | NUST - PNEC | ||
| 005 | 20170116181050.0 | ||
| 008 | 150929b xxu||||| |||| 00| 0 eng d | ||
| 020 | _a0070991219 | ||
| 040 | _cLIBRARY | ||
| 082 |
_2- _a005.7565 JON |
||
| 100 |
_911820 _a Jones, Edward |
||
| 245 |
_aUsing dBase III plus _cEdward Jones |
||
| 260 | _cC.1988 | ||
| 650 |
_911821 _adBASE III plus (Computer file) _xMIS |
||
| 942 |
_2ddc _cBK |
||
| 999 |
_c68355 _d68355 |
||